00485nam a2200181 a 4500001001300000003000900013005001700022008004100039020000800080082001300088100002100101245002800122260004800150500003500198505002900233650002000262700002100282nice12345678IN_TiNIC20260116011456.0050524s1914 lona grp 000 0 eng  ac000a954bSAC aSachau, Edward C aAlberuni`s India, Vol.1 aLondonbKegna Paul Trench and Companyc1914 aincludes index and biblioraphy2 a2 Volumes Bound Together aIndia-Al-Beruni1 aSachau, Edward C